Tingkahlaku pentadbiran dan kepimpinan pengetua sekolah menengah di Pahang Darul Makmur /
Saved in:
| Main Author: | |
|---|---|
| Format: | Thesis Book |
| Language: | Malay |
| Published: |
1990.
|
| Subjects: | |
| Tags: |
Add Tag
No Tags, Be the first to tag this record!
|
| LEADER | 01312cam a2200301 a 4500 | ||
|---|---|---|---|
| 001 | u94514 | ||
| 003 | SIRSI | ||
| 008 | 910628s1990 my t 00 1 may m | ||
| 035 | |a AAK-3250 | ||
| 040 | |a UMM | ||
| 043 | |a a-my--- | ||
| 090 | |a LB2831.626 |b M4Fadhmn | ||
| 091 | |a Microfiche 12227. | ||
| 100 | 1 | 0 | |a Fadzilah Haji Md. Noor, |c Haji |
| 245 | 1 | 0 | |a Tingkahlaku pentadbiran dan kepimpinan pengetua sekolah menengah di Pahang Darul Makmur / |c Haji Fadzilah bin Haji Md. Noor. |
| 260 | 0 | |c 1990. | |
| 300 | |a xiii, 266 leaves ; |c 29 cm. | ||
| 500 | |a Also available on microfiche. Kuala Lumpur : Perpustakaan Universiti Malaya, 1996. 3 fiches : negative ; 11x15 cm. | ||
| 502 | |a Dissertation (M.Ed.) -- Fakulti Pendidikan, Universiti Malaya, 1992. | ||
| 504 | |a Bibliography: leaves 215-221. | ||
| 650 | 0 | |a High school principals |z Pahang. | |
| 650 | 0 | |a School management and organization |z Pahang. | |
| 710 | 2 | 0 | |a Universiti Malaya. |b Fakulti Pendidikan. |
| 948 | |a 13/08/1991 |b 13/03/2003 | ||
| 596 | |a 1 8 | ||
| 999 | |a LB2831.626 M4FADHMN |w LC |c 1 |i A011129085 |d 5/12/2014 |e 5/12/2014 |l STACKS |m P01UTAMA |n 62 |r Y |s Y |t TESIS |u 27/8/1992 | ||
| 999 | |a LB2831.626 M4FADHMN |w LC |c 1 |i A506693636 |l STACKS |m P08PENDIDI |r Y |s Y |t TESIS |u 29/1/1997 | ||
| 999 | |a LB2831.626 M4FADHMN |w LC |c 2 |i A511077757 |l STACKS |m P08PENDIDI |r Y |s Y |t TESIS |u 9/4/2003 | ||
